Carte de France pixélisée - Statistiques

Statistiques générales
  • Ce quiz a été pris 19 079 fois
    16 918 depuis la dernière actualisation
  • Le résultat moyen est 211 sur 410
Réponses sur la Carte
Les réponses sont colorées sur une échelle allant du rouge au vert en fonction du pourcentage des utilisateurs qui les ont devinées à leur premier essai. Vous pouvez retrouver ces pourcentages ci-dessous.
 
Statistiques - réponses
Département % Correct
Nord
79%
Loire
78%
Finistère
74%
Ain
68%
Pas-de-Calais
68%
Rhône (et métropole de Lyon)
66%
Bas-Rhin
65%
Haut-Rhin
64%
Gironde
63%
Bouches-du-Rhône
62%
Savoie
62%
Alpes-Maritimes
61%
Var
61%
Aisne
60%
Haute-Savoie
60%
Morbihan
60%
Côtes-d'Armor
59%
Loire-Atlantique
59%
Loiret
59%
Moselle
59%
Calvados
58%
Charente
57%
Jura
57%
Pyrénées-Atlantiques
57%
Pyrénées-Orientales
57%
Ille-et-Vilaine
56%
Hérault
55%
Manche
55%
Vendée
55%
Charente-Maritime
54%
Eure
54%
Landes
54%
Oise
53%
Gard
52%
Hautes-Alpes
52%
Loir-et-Cher
52%
Meurthe-et-Moselle
52%
Somme
52%
Yvelines
52%
Ardennes
51%
Aude
51%
Marne
51%
Seine-et-Marne
51%
Seine-Maritime
51%
Ardèche
50%
Cher
50%
Creuse
50%
Isère
50%
Aube
49%
Lot
49%
Tarn
49%
Vaucluse
49%
Côte-d'Or
48%
Doubs
48%
Vosges
48%
Allier
47%
Cantal
47%
Indre
47%
Meuse
47%
Alpes-de-Haute-Provence
46%
Dordogne
46%
Eure-et-Loir
46%
Haute-Garonne
46%
Hautes-Pyrénées
46%
Drôme
45%
Gers
45%
Lot-et-Garonne
45%
Mayenne
45%
Corrèze
44%
Essonne
44%
Indre-et-Loire
44%
Tarn-et-Garonne
44%
Aveyron
43%
Puy-de-Dôme
43%
Vienne
43%
Ariège
42%
Orne
42%
Sarthe
42%
Deux-Sèvres
41%
Haute-Loire
41%
Yonne
41%
Lozère
40%
Saône-et-Loire
40%
Val-d'Oise
40%
Haute-Marne
39%
Maine-et-Loire
39%
Haute-Vienne
38%
Nièvre
38%
Haute-Saône
36%
Aucun quiz correspondant
Distribution des résultats
% des personnes avec chaque résultat
Percentile par nombre de réponses
Votre historique - résultats
Vous n’avez pas pris ce quiz depuis la dernière actualisation